[Event "POL-ch U20 Girls"]
[Site "Karpacz"]
[Date "2022.11.21"]
[Round "3"]
[White "Matskevich, Varvara"]
[Black "Siekanska, Zuzanna"]
[Result "0-1"]
[WhiteElo "1526"]
[BlackElo "1898"]
[PlyCount "76"]
[EventDate "2022.11.19"]
[EventType "swiss"]
[EventRounds "9"]
[EventCountry "POL"]
[SourceTitle "EXT 2024"]
[Source "ChessBase"]
[SourceDate "2023.10.10"]
[SourceVersion "1"]
[SourceVersionDate "2023.10.10"]
[SourceQuality "1"]

1. e4 e5 2. Nf3 Nc6 3. Bb5 a6 4. Ba4 Nf6 5. Qe2 d6 6. 0-0 b5 7. Bb3 Be7 8. c3 0-0 9. d4 Bg4 10. Rd1 exd4 11. cxd4 Na5 12. Bc2 Qc8 13. e5 dxe5 14. dxe5 Qe6 15. Bf4 Nh5 16. Qe4 Qg6 17. Nc3 Qxe4 18. Bxe4 Nxf4 19. Bxa8 Rxa8 20. Kf1 Nc4 21. Rd4 Bxf3 22. Rxf4 Bc6 23. b3 Nxe5 24. Rd1 Bd6 25. Rfd4 g6 26. h3 Re8 27. Re1 Bc5 28. Rd2 Re6 29. Rde2 Bd4 30. Nb1 b4 31. a4 Bd5 32. Rd1 c5 33. Nd2 Rf6 34. f3 Re6 35. Rb1 Nc6 36. Rxe6 Bxe6 37. Ne4 Na5 38. Ke2 Bxb3 0-1

[Event "EU-ch U18 Girls 30th"]
[Site "Antalya"]
[Date "2022.11.12"]
[Round "7"]
[White "Siekanska, Zuzanna"]
[Black "Pipiras, Filipa Fortuna"]
[Result "0-1"]
[WhiteElo "1898"]
[BlackElo "2149"]
[PlyCount "108"]
[EventDate "2022.11.06"]
[EventType "swiss"]
[EventRounds "9"]
[EventCountry "TUR"]
[SourceTitle "EXT 2024"]
[Source "ChessBase"]
[SourceDate "2023.10.10"]
[SourceVersion "1"]
[SourceVersionDate "2023.10.10"]
[SourceQuality "1"]

1. d4 Nf6 2. c4 e6 3. Nf3 d5 4. Nc3 Be7 5. cxd5 exd5 6. Bg5 c6 7. e3 Bf5 8. Bd3 Bxd3 9. Bxf6 Bxf6 10. Qxd3 Nd7 11. 0-0 0-0 12. b4 a6 13. a4 Be7 14. b5 axb5 15. axb5 Bd6 16. bxc6 bxc6 17. Ra6 Rxa6 18. Qxa6 Qc7 19. Rc1 Qb6 20. Qa4 Qb7 21. Rb1 Qc7 22. g3 Rb8 23. Rxb8+ Nxb8 24. Nd2 h5 25. Nf3 Qb7 26. Qc2 g6 27. e4 Na6 28. e5 Bf8 29. e6 Kg7 30. exf7 Qxf7 31. Ne5 Qe6 32. Ne2 Nb4 33. Qa4 g5 34. Qb3 Qf5 35. Qf3 Qxf3 36. Nxf3 Kf6 37. Nd2 Kf5 38. Kg2 Nc2 39. h4 gxh4 40. gxh4 Bg7 41. Nb3 Kg4 42. Ng3 Bf6 43. Ne2 Kxh4 44. Na5 Nb4 45. Ng1 Kg4 46. Ne2 Kf5 47. f3 Bd8 48. Nb3 Nc2 49. Ng3+ Kg5 50. Ne2 Bb6 51. Kg3 Bc7+ 52. Kh3 Bd8 53. Nc5 Bf6 54. Nc3 Bd8 0-1

[Event "Warsaw Chess op-A"]
[Site "Warsaw"]
[Date "2022.07.18"]
[Round "1"]
[White "Siekanska, Zuzanna"]
[Black "Dubnevych, Maksym"]
[Result "1/2-1/2"]
[WhiteElo "1712"]
[BlackElo "2131"]
[PlyCount "56"]
[EventDate "2022.07.18"]
[EventType "swiss"]
[EventRounds "9"]
[EventCountry "POL"]
[SourceTitle "CBM 209 Extra"]
[Source "ChessBase"]
[SourceDate "2022.09.30"]
[SourceVersion "1"]
[SourceVersionDate "2022.09.30"]
[SourceQuality "1"]

1. d4 d5 2. c4 e6 3. Nc3 c5 4. cxd5 cxd4 5. Qa4+ Bd7 6. Qxd4 exd5 7. Nf3 Nc6 8. Qd1 Nf6 9. g3 Bg4 10. h3 Bxf3 11. exf3 Qe7+ 12. Ne2 Qe5 13. Bd2 d4 14. Qb3 0-0-0 15. 0-0-0 Qd5 16. Qxd5 Nxd5 17. Nf4 Bb4 18. Nxd5 Bxd2+ 19. Kxd2 Rxd5 20. Bc4 Rf5 21. f4 g5 22. Rhe1 gxf4 23. g4 Rf6 24. Re4 Kc7 25. Bb5 Rd8 26. Rc1 Kb6 27. Bxc6 bxc6 28. Rc4 c5 1/2-1/2

[Event "Warsaw Najdorf Memorial op-A"]
[Site "Warsaw"]
[Date "2022.07.17"]
[Round "9"]
[White "Kaczmarska, Joanna"]
[Black "Siekanska, Zuzanna"]
[Result "0-1"]
[WhiteElo "1965"]
[BlackElo "1712"]
[PlyCount "102"]
[EventDate "2022.07.09"]
[EventType "swiss"]
[EventRounds "9"]
[EventCountry "POL"]
[SourceTitle "CBM 209 Extra"]
[Source "ChessBase"]
[SourceDate "2022.09.30"]
[SourceVersion "1"]
[SourceVersionDate "2022.09.30"]
[SourceQuality "1"]

1. Nf3 d5 2. g3 e6 3. Bg2 Nf6 4. 0-0 c5 5. d3 Nc6 6. c4 d4 7. e3 Bd6 8. exd4 cxd4 9. Bg5 h6 10. Bxf6 Qxf6 11. Nbd2 Qe7 12. Nb3 0-0 13. Nfxd4 Nxd4 14. Nxd4 Be5 15. Nc2 Bxb2 16. Rb1 Bf6 17. d4 Rd8 18. Rb3 Rb8 19. Rd3 b6 20. Ne3 Bb7 21. d5 Bg5 22. f4 Bf6 23. d6 Qf8 24. Ng4 Bxg2 25. Kxg2 Rbc8 26. f5 e5 27. Nxf6+ gxf6 28. Qg4+ Kh7 29. Rfd1 Rc6 30. d7 Qb4 31. Qh5 Qxc4 32. Rd6 Kg7 33. Kh3 Qe4 34. R1d2 b5 35. Re6 Rxe6 36. fxe6 fxe6 37. Qe8 Qf5+ 38. Kg2 Qe4+ 39. Kf2 Qb4 40. Rd3 Qc5+ 41. Ke2 Qc2+ 42. Rd2 Qc4+ 43. Kf2 Qc5+ 44. Kg2 Qc6+ 45. Kh3 Rxe8 46. dxe8Q Qxe8 47. g4 Qc6 48. Kh4 e4 49. a4 e3 50. Rb2 bxa4 51. h3 Qf3 0-1

[Event "Warsaw Najdorf Memorial op-A"]
[Site "Warsaw"]
[Date "2022.07.14"]
[Round "6"]
[White "Siekanska, Zuzanna"]
[Black "Kazmierowski, Tymon"]
[Result "0-1"]
[WhiteElo "1712"]
[BlackElo "1961"]
[PlyCount "68"]
[EventDate "2022.07.09"]
[EventType "swiss"]
[EventRounds "9"]
[EventCountry "POL"]
[SourceTitle "CBM 209 Extra"]
[Source "ChessBase"]
[SourceDate "2022.09.30"]
[SourceVersion "1"]
[SourceVersionDate "2022.09.30"]
[SourceQuality "1"]

1. d4 Nf6 2. c4 g6 3. Nc3 Bg7 4. e4 d6 5. h3 0-0 6. Be3 Nc6 7. Qd2 e5 8. d5 Nd4 9. Bd3 Qe7 10. 0-0-0 c6 11. Kb1 cxd5 12. cxd5 Bd7 13. Nge2 Ne8 14. h4 b5 15. Ng3 h5 16. Nce2 Nxe2 17. Bxe2 a5 18. Rc1 Nf6 19. Rc7 Rfb8 20. Ba7 Rc8 21. Qxa5 Nxd5 22. Rxc8+ Bxc8 23. exd5 Rxa7 24. Qb6 Rb7 25. Qa5 Bd7 26. Ne4 Bf5 27. Qa8+ Kh7 28. Bd3 Bxe4 29. Bxe4 f5 30. Bc2 e4 31. Ka1 Qe5 32. Rb1 Rc7 33. Bb3 Qxb2+ 34. Rxb2 Rc1# 0-1

[Event "Wch U18 Girls rapid"]
[Site "Rhodes"]
[Date "2022.05.01"]
[Round "1"]
[White "Nurgali, Nazerke"]
[Black "Siekanska, Zuzanna"]
[Result "1-0"]
[WhiteElo "2056"]
[BlackElo "1623"]
[PlyCount "77"]
[EventDate "2022.05.01"]
[EventType "swiss (rapid)"]
[EventRounds "9"]
[EventCountry "GRE"]
[SourceTitle "CBM 208 Extra"]
[Source "ChessBase"]
[SourceDate "2022.07.31"]
[SourceVersion "1"]
[SourceVersionDate "2022.07.31"]
[SourceQuality "1"]

1. d4 Nf6 2. Nf3 g6 3. c4 Bg7 4. Nc3 0-0 5. e4 d6 6. Be2 e5 7. dxe5 dxe5 8. Qxd8 Rxd8 9. Bg5 Re8 10. 0-0-0 h6 11. Bh4 Na6 12. Nd2 c6 13. f3 Nc7 14. Nb3 Ne6 15. Bf2 b6 16. g3 Bb7 17. c5 b5 18. Na5 Rab8 19. b4 Ba8 20. Nb3 Red8 21. Rxd8+ Rxd8 22. Rd1 Rxd1+ 23. Nxd1 Ne8 24. Nb2 N8c7 25. Nd3 Kf8 26. Be1 Bb7 27. Bc3 Nd4 28. Bxd4 exd4 29. e5 Ne6 30. f4 f6 31. Na5 Ba8 32. Bf3 fxe5 33. fxe5 Ng5 34. Bxc6 Bxc6 35. Nxc6 a6 36. Nb8 Nf3 37. c6 Nxe5 38. Nxe5 Bxe5 39. Nd7+ 1-0

[Event "POL-ch U18 Girls"]
[Site "Sypniewo"]
[Date "2022.03.25"]
[Round "7"]
[White "Kudlak, Julia"]
[Black "Siekanska, Zuzanna"]
[Result "0-1"]
[WhiteElo "1579"]
[BlackElo "1756"]
[PlyCount "106"]
[EventDate "2022.03.19"]
[EventType "swiss"]
[EventRounds "9"]
[EventCountry "POL"]
[SourceTitle "CBM 207 Extra"]
[Source "ChessBase"]
[SourceDate "2022.05.31"]
[SourceVersion "1"]
[SourceVersionDate "2022.05.31"]
[SourceQuality "1"]

1. e4 e5 2. Nf3 Nc6 3. Bb5 a6 4. Ba4 d6 5. d3 Bd7 6. a3 g6 7. Bb3 h6 8. 0-0 Bg7 9. Nc3 Nf6 10. Nd5 Ne7 11. Re1 Nfxd5 12. exd5 f5 13. h3 0-0 14. d4 e4 15. Nh2 g5 16. f3 exf3 17. Nxf3 Ng6 18. Nh2 Qf6 19. Be3 Rae8 20. c3 Re7 21. Qd2 Rfe8 22. Bc2 Nf8 23. Nf1 f4 24. Bf2 Bf5 25. Rxe7 Rxe7 26. Re1 Rxe1 27. Bxe1 Nd7 28. Nh2 Nb6 29. Bb3 Qe7 30. Bf2 Qe4 31. Nf3 Nxd5 32. Ne1 Kh8 33. Bc2 Qe6 34. Bxf5 Qxf5 35. Qd3 Qxd3 36. Nxd3 Kg8 37. Kf1 Kf7 38. Ke2 Kg6 39. c4 Ne7 40. Ne1 Kf5 41. Kd3 h5 42. b4 Bf6 43. a4 g4 44. a5 Nc6 45. hxg4+ Kxg4 46. Nc2 Bh4 47. Ke2 Bxf2 48. Kxf2 h4 49. c5 d5 50. Kf1 Kf5 51. Kf2 Ke4 52. b5 axb5 53. Ke2 Nxa5 0-1

[Event "Warsaw Szansa Rapid op"]
[Site "Warsaw"]
[Date "2021.09.11"]
[Round "1"]
[White "Nasuta, Grzegorz"]
[Black "Siekanska, Zuzanna"]
[Result "1-0"]
[WhiteElo "2531"]
[BlackElo "1705"]
[PlyCount "67"]
[EventDate "2021.09.11"]
[EventType "swiss (rapid)"]
[EventRounds "9"]
[EventCountry "POL"]
[SourceTitle "CBM 204 Extra"]
[Source "ChessBase"]
[SourceDate "2021.11.30"]
[SourceVersion "1"]
[SourceVersionDate "2021.11.30"]
[SourceQuality "1"]

1. e4 e5 2. Nf3 Nc6 3. Bc4 Nf6 4. d3 Bc5 5. 0-0 0-0 6. h3 d5 7. exd5 Nxd5 8. Re1 Nb6 9. Bb3 Bd6 10. Bg5 Qe8 11. d4 e4 12. Nc3 Bf5 13. Nh4 Qd7 14. Nxf5 Qxf5 15. Nxe4 Na5 16. c3 Nxb3 17. axb3 Nd5 18. Nxd6 cxd6 19. Be7 Nxe7 20. Rxe7 Qb5 21. b4 Rfe8 22. Rxe8+ Qxe8 23. Qf3 Qb5 24. Re1 Kf8 25. Qe4 g6 26. Qe7+ Kg7 27. Qxd6 Re8 28. Rxe8 Qxe8 29. Qe5+ Qxe5 30. dxe5 g5 31. g4 Kg6 32. Kg2 h5 33. Kf3 h4 34. Ke4 1-0

[Event "POL-chT U20"]
[Site "Lublin"]
[Date "2021.07.03"]
[Round "8.5"]
[White "Siekanska, Zuzanna"]
[Black "Marcinczyk, Monika"]
[Result "1-0"]
[WhiteElo "1783"]
[BlackElo "2090"]
[PlyCount "115"]
[EventDate "2021.06.26"]
[EventType "team-tourn"]
[EventRounds "9"]
[EventCountry "POL"]
[SourceTitle "CBM 203 Extra"]
[Source "ChessBase"]
[SourceDate "2021.09.30"]
[SourceVersion "1"]
[SourceVersionDate "2021.09.30"]
[SourceQuality "1"]
[WhiteTeam "Gorzow Wielkopolski Stilon"]
[BlackTeam "Bialystok MUKS Stoczek 45"]
[WhiteTeamCountry "POL"]
[BlackTeamCountry "POL"]

1. d4 Nf6 2. c4 g6 3. Nc3 Bg7 4. e4 d6 5. h3 0-0 6. Be3 e5 7. d5 Na6 8. Nge2 Nc5 9. f3 a5 10. g4 c6 11. Qd2 cxd5 12. cxd5 a4 13. Ng3 Bd7 14. h4 Qa5 15. h5 b5 16. h6 Bh8 17. Nf5 Bxf5 18. gxf5 b4 19. Nd1 Nfd7 20. Bh3 Bf6 21. 0-0 Kh8 22. Kh1 Rg8 23. Nf2 Be7 24. Rg1 f6 25. fxg6 hxg6 26. Nd3 Nxd3 27. Bxd7 Nc5 28. Bxc5 dxc5 29. Be6 Bd6 30. Bxg8 Rxg8 31. a3 Qb5 32. axb4 cxb4 33. Rac1 Bc5 34. Rg3 Bd4 35. h7 Rf8 36. Rxg6 Qd7 37. Qh6 Qxh7 38. Rc7 Qxh6+ 39. Rxh6+ Kg8 40. Rg6+ Kh8 41. Rc2 Rf7 42. d6 a3 43. bxa3 bxa3 44. Rh2+ Rh7 45. d7 Bb6 46. Rgg2 Bd8 47. Ra2 Rxh2+ 48. Kxh2 Kg7 49. Rxa3 Kf7 50. Rd3 Ke6 51. Kg3 Ke7 52. Kg4 Ke6 53. Rd1 Ke7 54. Kf5 Kf7 55. Rh1 Ke7 56. Rh7+ Kd6 57. Rh8 Kxd7 58. Rxd8+ 1-0

[Event "POL-chT U20"]
[Site "Lublin"]
[Date "2021.07.02"]
[Round "7.5"]
[White "Wikar, Martyna"]
[Black "Siekanska, Zuzanna"]
[Result "1-0"]
[WhiteElo "2125"]
[BlackElo "1783"]
[PlyCount "55"]
[EventDate "2021.06.26"]
[EventType "team-tourn"]
[EventRounds "9"]
[EventCountry "POL"]
[SourceTitle "CBM 203 Extra"]
[Source "ChessBase"]
[SourceDate "2021.09.30"]
[SourceVersion "1"]
[SourceVersionDate "2021.09.30"]
[SourceQuality "1"]
[WhiteTeam "Czarna LKSz"]
[BlackTeam "Gorzow Wielkopolski Stilon"]
[WhiteTeamCountry "POL"]
[BlackTeamCountry "POL"]

1. e4 e5 2. Nf3 Nc6 3. Bc4 Nf6 4. d3 Bc5 5. 0-0 0-0 6. Bb3 d5 7. exd5 Nxd5 8. Re1 Bg4 9. h3 Bh5 10. Nbd2 Nf4 11. Ne4 Nd4 12. Bxf4 Bxf3 13. gxf3 exf4 14. c3 Ne6 15. d4 Bd6 16. Kh2 Ng5 17. Rg1 h6 18. Qd3 Re8 19. Nxg5 hxg5 20. Qf5 Qf6 21. Rxg5 Qxf5 22. Rxf5 Re7 23. Rg1 Kf8 24. Rh5 Kg8 25. Rhg5 Re2 26. Rxg7+ Kh8 27. R7g5 Rxf2+ 28. Kh1 1-0

[Event "POL-chT U20"]
[Site "Lublin"]
[Date "2021.07.01"]
[Round "6.5"]
[White "Siekanska, Zuzanna"]
[Black "Kroliczek, Gabriela"]
[Result "1/2-1/2"]
[WhiteElo "1783"]
[BlackElo "1990"]
[PlyCount "71"]
[EventDate "2021.06.26"]
[EventType "team-tourn"]
[EventRounds "9"]
[EventCountry "POL"]
[SourceTitle "CBM 203 Extra"]
[Source "ChessBase"]
[SourceDate "2021.09.30"]
[SourceVersion "1"]
[SourceVersionDate "2021.09.30"]
[SourceQuality "1"]
[WhiteTeam "Gorzow Wielkopolski Stilon"]
[BlackTeam "Rybnik MKSz"]
[WhiteTeamCountry "POL"]
[BlackTeamCountry "POL"]

1. d4 d6 2. c4 f5 3. Nf3 Nf6 4. Nc3 g6 5. Bf4 Bg7 6. e3 0-0 7. c5 h6 8. Qb3+ Kh7 9. h4 Nh5 10. Be2 e6 11. Bh2 dxc5 12. dxc5 Qe7 13. Be5 Qxc5 14. Bxg7 Nxg7 15. 0-0 c6 16. Na4 Qe7 17. Qc3 Nd7 18. b4 e5 19. g3 e4 20. Nd4 Ne8 21. h5 Ne5 22. hxg6+ Nxg6 23. b5 cxb5 24. Bxb5 Nf6 25. Rac1 Ne5 26. Qc5 Qxc5 27. Rxc5 Nfg4 28. Rc7+ Kg6 29. Nc5 a6 30. Ba4 b6 31. Nce6 Bxe6 32. Nxe6 Rf7 33. Rfc1 Nd3 34. R1c6 Nf6 35. Rxb6 a5 36. Rcc6 1/2-1/2

[Event "Poronin Tatra Limba op"]
[Site "Poronin"]
[Date "2021.05.25"]
[Round "5"]
[White "Siekanska, Zuzanna"]
[Black "Marcinczyk, Monika"]
[Result "0-1"]
[WhiteElo "1763"]
[BlackElo "2012"]
[PlyCount "66"]
[EventDate "2021.05.22"]
[EventType "swiss"]
[EventRounds "9"]
[EventCountry "POL"]
[SourceTitle "EXT 2022"]
[Source "ChessBase"]
[SourceDate "2021.10.06"]
[SourceVersion "1"]
[SourceVersionDate "2021.10.06"]
[SourceQuality "1"]

1. d4 Nf6 2. c4 c5 3. d5 e6 4. Nc3 exd5 5. cxd5 d6 6. e4 g6 7. h3 Bg7 8. Nf3 0-0 9. Bd3 b5 10. 0-0 a6 11. a3 Re8 12. Re1 Nbd7 13. Bf4 Qb6 14. Nd2 c4 15. Bc2 Nc5 16. Be3 Qc7 17. Qf3 Nfd7 18. Qg3 Ne5 19. Bf4 Rb8 20. Nf3 Nxf3+ 21. gxf3 Rb6 22. Rad1 Bd7 23. h4 a5 24. h5 b4 25. Ne2 b3 26. Bb1 Bxb2 27. hxg6 hxg6 28. Nd4 Nd3 29. Bxd3 Bxd4 30. Bb1 Bg7 31. Be3 Rbb8 32. f4 c3 33. e5 c2 0-1

[Event "Poronin Tatra Limba op"]
[Site "Poronin"]
[Date "2021.05.24"]
[Round "3"]
[White "Siekanska, Zuzanna"]
[Black "Dwilewicz, Katarzyna"]
[Result "0-1"]
[WhiteElo "1763"]
[BlackElo "2092"]
[PlyCount "114"]
[EventDate "2021.05.22"]
[EventType "swiss"]
[EventRounds "9"]
[EventCountry "POL"]
[SourceTitle "EXT 2022"]
[Source "ChessBase"]
[SourceDate "2021.10.06"]
[SourceVersion "1"]
[SourceVersionDate "2021.10.06"]
[SourceQuality "1"]

1. d4 Nf6 2. c4 e6 3. Nf3 d5 4. Nc3 c6 5. cxd5 exd5 6. Qc2 g6 7. Bg5 Be7 8. e4 Nxe4 9. Bxe7 Kxe7 10. Nxe4 dxe4 11. Qxe4+ Be6 12. Bc4 Re8 13. Qh4+ Kd7 14. Ne5+ Kc8 15. Qxd8+ Kxd8 16. Bxe6 Rxe6 17. Kd2 f6 18. Nc4 Na6 19. Rhe1 Rxe1 20. Rxe1 Kd7 21. Re3 Rf8 22. Rb3 Kc7 23. f4 Rd8 24. Ke3 Re8+ 25. Kf3 Rd8 26. Ke3 Kc8 27. Ra3 Kb8 28. Rb3 Rd7 29. Ke4 Nc7 30. Na5 Nb5 31. Rd3 Nd6+ 32. Kf3 Nf5 33. Nb3 b6 34. g4 Nd6 35. Re3 Kc7 36. h4 f5 37. g5 a5 38. a4 Ne4 39. Re2 Kd6 40. Nc1 Kd5 41. Rc2 Rc7 42. Ke3 Re7 43. Kd3 c5 44. b3 cxd4 45. Rc8 Nc5+ 46. Kd2 Ke4 47. Rc6 Rb7 48. Rd6 d3 49. Nxd3 Nxd3 50. Rxd3 Kxf4 51. Rd4+ Kg3 52. b4 axb4 53. Rxb4 f4 54. Ke2 f3+ 55. Ke1 Re7+ 56. Kf1 Rc7 57. Rb1 Rc4 0-1

[Event "POL-ch rapid (Women)"]
[Site "Bydgoszcz"]
[Date "2020.12.13"]
[Round "7"]
[White "Mirowska, Oliwia"]
[Black "Siekanska, Zuzanna"]
[Result "1-0"]
[WhiteElo "1820"]
[BlackElo "1772"]
[PlyCount "70"]
[EventDate "2020.12.13"]
[EventType "swiss (rapid)"]
[EventRounds "9"]
[EventCountry "POL"]
[SourceTitle "CBM 199 Extra"]
[Source "ChessBase"]
[SourceDate "2021.01.31"]
[SourceVersion "1"]
[SourceVersionDate "2021.01.31"]
[SourceQuality "1"]

1. f4 e6 2. Nf3 d5 3. g3 c5 4. Bg2 Nc6 5. 0-0 Bd6 6. d3 Nge7 7. e4 b5 8. c3 Bb7 9. Na3 a6 10. Re1 0-0 11. Kh1 b4 12. Nc2 a5 13. e5 Bc7 14. d4 c4 15. Ne3 a4 16. Nh4 Ba5 17. Bd2 Ng6 18. Nxg6 hxg6 19. g4 a3 20. cxb4 Bxb4 21. Bxb4 Nxb4 22. bxa3 Rxa3 23. Rf1 Qa5 24. Nxc4 dxc4 25. Bxb7 Rd3 26. Qe1 Qb6 27. Be4 Rxd4 28. Rb1 c3 29. a3 c2 30. Rxb4 Rxb4 31. Qxb4 Qc7 32. Qd2 Qc4 33. Bg2 Rc8 34. Rc1 Qa4 35. h3 Kh7 1-0